The basic / (Record no. 8549)

MARC details
000 -LEADER
fixed length control field 00470nam a22001817a 4500
003 - CONTROL NUMBER IDENTIFIER
control field OSt
005 - DATE AND TIME OF LATEST TRANSACTION
control field 20240618153055.0
008 - FIXED-LENGTH DATA ELEMENTS--GENERAL INFORMATION
fixed length control field 240617b |||||||| |||| 00| 0 eng d
020 ## - INTERNATIONAL STANDARD BOOK NUMBER
International Standard Book Number 9780804748346
040 ## - CATALOGING SOURCE
Transcribing agency MUST
082 ## - DEWEY DECIMAL CLASSIFICATION NUMBER
Edition number 22
Classification number 519 DAN 2003
100 ## - MAIN ENTRY--PERSONAL NAME
Personal name Dantzig, George Bernard
9 (RLIN) 17352
245 ## - TITLE STATEMENT
Title The basic /
Statement of responsibility, etc. George B. Dantzig
300 ## - PHYSICAL DESCRIPTION
Extent xvi, 378p.
Dimensions 25cm
504 ## - BIBLIOGRAPHY, ETC. NOTE
Bibliography, etc Includes index
650 ## - SUBJECT ADDED ENTRY--TOPICAL TERM
Topical term or geographic name as entry element Mathematical statistical
9 (RLIN) 17465
942 ## - ADDED ENTRY ELEMENTS (KOHA)
Source of classification or shelving scheme Dewey Decimal Classification
Koha item type Open Shelf
Holdings
Withdrawn status Lost status Source of classification or shelving scheme Damaged status Not for loan Home library Current library Date acquired Source of acquisition Inventory number Total Checkouts Full call number Barcode Date last seen Price effective from Koha item type
    Dewey Decimal Classification     MUST Main Library MUST Main Library 17/06/2024 Purchase 14/38427   519 DAN 2003 2024-20657 17/06/2024 17/06/2024 Open Shelf
    Dewey Decimal Classification     MUST Main Library MUST Main Library 18/06/2024 Purchase 2012/36863   519 DAN 2003 2024-20818 18/06/2024 18/06/2024 Open Shelf